[Event "Kiev Spring op"]
[Site "Kiev"]
[Date "2023.03.27"]
[Round "3"]
[White "Nikitin, Bogdan"]
[Black "Araslanov, Oleg"]
[Result "1-0"]
[WhiteElo "1883"]
[BlackElo "1478"]
[PlyCount "121"]
[EventDate "2023.03.25"]
[EventType "swiss"]
[EventRounds "9"]
[EventCountry "UKR"]
[SourceTitle "EXT 2024"]
[Source "ChessBase"]
[SourceDate "2023.10.10"]
[SourceVersion "1"]
[SourceVersionDate "2023.10.10"]
[SourceQuality "1"]

1. e4 e5 2. Nf3 Nc6 3. Nc3 Nf6 4. d4 exd4 5. Nxd4 Bb4 6. Nxc6 bxc6 7. Bd3 d6 8. 0-0 Bg4 9. f3 Bc5+ 10. Kh1 Bh5 11. Bf4 Bg6 12. Na4 Nh5 13. Nxc5 Nxf4 14. Nb3 0-0 15. Qd2 Qf6 16. g3 Nxd3 17. cxd3 d5 18. Rac1 Rab8 19. Qc3 Qd6 20. Qxc6 Rfc8 21. Qxd6 cxd6 22. Rxc8+ Rxc8 23. Rc1 Rxc1+ 24. Nxc1 Kf8 25. Kg2 dxe4 26. fxe4 f5 27. exf5 Bxf5 28. Kf3 Ke7 29. Ke3 Be6 30. b4 Kd7 31. Kd4 Kc6 32. a4 a6 33. Ne2 Bb3 34. a5 Be6 35. Kc3 Bg4 36. Nd4+ Kd5 37. b5 axb5 38. Nxb5 Kc5 39. Na3 Be6 40. d4+ Kc6 41. Kb4 Bc8 42. Nc4 Ba6 43. Ne3 Bc8 44. d5+ Kc7 45. Kc4 Ba6+ 46. Kd4 g6 47. Ke4 h6 48. Ng4 h5 49. Ne3 Bb5 50. Kf4 Kb7 51. Kg5 Bd3 52. Ng2 Be4 53. Nf4 Ka6 54. Nxg6 Bxd5 55. Nf4 Bf3 56. Nxh5 Kxa5 57. Nf4 Kb5 58. h4 Kc4 59. h5 d5 60. h6 Be4 61. Ng6 1-0

[Event "Kiev Shystariov Rapid"]
[Site "Kiev"]
[Date "2022.08.28"]
[Round "7"]
[White "Nikitin, Bogdan"]
[Black "Skliarov, Viktor"]
[Result "1/2-1/2"]
[WhiteElo "1863"]
[BlackElo "2384"]
[PlyCount "91"]
[EventDate "2022.08.27"]
[EventType "swiss (rapid)"]
[EventRounds "9"]
[EventCountry "UKR"]
[SourceTitle "CBM 209 Extra"]
[Source "ChessBase"]
[SourceDate "2022.09.30"]
[SourceVersion "1"]
[SourceVersionDate "2022.09.30"]
[SourceQuality "1"]

1. e4 c5 2. Nf3 e6 3. d4 cxd4 4. Nxd4 a6 5. Nc3 Qc7 6. a3 Nf6 7. Be3 Be7 8. Bd3 b5 9. 0-0 Bb7 10. Kh1 d6 11. f4 Nbd7 12. Qf3 h5 13. Rae1 Nc5 14. Bg1 h4 15. h3 Rc8 16. Bf2 Qd7 17. f5 e5 18. Nb3 Nxd3 19. Qxd3 Kf8 20. Rd1 Kg8 21. Rfe1 Ba8 22. Nd2 Nh5 23. Nf3 Nf4 24. Qd2 Qc7 25. Be3 Nh5 26. Bg5 Bxg5 27. Qxg5 Nf6 28. Nxh4 Qb6 29. Nf3 a5 30. Rd2 b4 31. Nd5 Bxd5 32. exd5 bxa3 33. bxa3 Rc3 34. Nxe5 dxe5 35. d6 Rc8 36. d7 Rd8 37. Rxe5 Rxd7 38. Rxd7 Nxd7 39. Re8+ Kh7 40. Qh4+ Qh6 41. Rxh8+ Kxh8 42. Qd8+ Kh7 43. Qxd7 Qc1+ 44. Kh2 Qf4+ 45. Kg1 Qe3+ 46. Kh2 1/2-1/2

[Event "Kiev Spring op"]
[Site "Kiev"]
[Date "2021.07.16"]
[Round "8"]
[White "Petrovskiy, Vadim"]
[Black "Nikitin, Bogdan"]
[Result "1-0"]
[WhiteElo "2156"]
[BlackElo "1953"]
[PlyCount "53"]
[EventDate "2021.07.10"]
[EventType "swiss"]
[EventRounds "9"]
[EventCountry "UKR"]
[SourceTitle "EXT 2024"]
[Source "ChessBase"]
[SourceDate "2023.10.10"]
[SourceVersion "1"]
[SourceVersionDate "2023.10.10"]
[SourceQuality "1"]

1. e4 e6 2. d4 d5 3. Nc3 Bb4 4. e5 c5 5. a3 Bxc3+ 6. bxc3 Ne7 7. a4 Nbc6 8. Nf3 0-0 9. Bd3 h6 10. 0-0 Qc7 11. Ba3 b6 12. h3 Na5 13. Nh2 f5 14. exf6 Rxf6 15. Ng4 Rf8 16. Re1 Bd7 17. Ne5 Bxa4 18. Qg4 Nf5 19. dxc5 b5 20. Ng6 Rf6 21. Nf4 Qf7 22. Rxe6 Rxe6 23. Nxe6 Ne7 24. Re1 Nec6 25. Bc1 h5 26. Qg5 Ne7 27. Nc7 1-0

[Event "Kiev Spring op"]
[Site "Kiev"]
[Date "2021.07.14"]
[Round "6"]
[White "Levytskyy, Lybomyr"]
[Black "Nikitin, Bogdan"]
[Result "0-1"]
[WhiteElo "1230"]
[BlackElo "1953"]
[PlyCount "58"]
[EventDate "2021.07.10"]
[EventType "swiss"]
[EventRounds "9"]
[EventCountry "UKR"]
[SourceTitle "EXT 2024"]
[Source "ChessBase"]
[SourceDate "2023.10.10"]
[SourceVersion "1"]
[SourceVersionDate "2023.10.10"]
[SourceQuality "1"]

1. e4 c5 2. Nf3 g6 3. c4 Bg7 4. d4 cxd4 5. Nxd4 Nc6 6. Be3 Nf6 7. Nc3 d6 8. Be2 Nxd4 9. Bxd4 0-0 10. 0-0 Bd7 11. Rc1 a5 12. Qd3 Bc6 13. Nd5 Nd7 14. Bxg7 Kxg7 15. Rfd1 Bxd5 16. Qxd5 Qb6 17. Bg4 Nf6 18. Qg5 Qxf2+ 19. Kxf2 Nxe4+ 20. Ke3 Nxg5 21. h4 Ne6 22. Bxe6 fxe6 23. c5 Rac8 24. cxd6 Rxc1 25. Rxc1 exd6 26. Rd1 Rd8 27. Kd4 Rc8 28. Ke4 Rc4+ 29. Kf3 d5 0-1

[Event "Kiev Spring op"]
[Site "Kiev"]
[Date "2021.07.12"]
[Round "4"]
[White "Bazakutsa, Svyatoslav"]
[Black "Nikitin, Bogdan"]
[Result "1-0"]
[WhiteElo "2144"]
[BlackElo "1953"]
[PlyCount "55"]
[EventDate "2021.07.10"]
[EventType "swiss"]
[EventRounds "9"]
[EventCountry "UKR"]
[SourceTitle "EXT 2024"]
[Source "ChessBase"]
[SourceDate "2023.10.10"]
[SourceVersion "1"]
[SourceVersionDate "2023.10.10"]
[SourceQuality "1"]

1. c4 e5 2. g3 c6 3. Nf3 e4 4. Nd4 d5 5. cxd5 Qxd5 6. Nc2 Nf6 7. Nc3 Qh5 8. Ne3 Bh3 9. Qb3 b6 10. Qa4 Bxf1 11. Rxf1 b5 12. Qc2 Qe5 13. f3 exf3 14. Rxf3 Nbd7 15. b3 Qh5 16. Ne4 Be7 17. Nf5 Qxh2 18. Ned6+ Bxd6 19. Nxd6+ Kf8 20. Nf5 g6 21. Ba3+ Kg8 22. Ne3 Kg7 23. Bb2 Qg1+ 24. Nf1 Rae8 25. Qxc6 Re6 26. Qxd7 Qg2 27. Bxf6+ Kh6 28. Rf2 1-0

[Event "Kiev Spring op"]
[Site "Kiev"]
[Date "2021.07.10"]
[Round "1"]
[White "Nikitin, Bogdan"]
[Black "Prochaieva, Yelyzaveta"]
[Result "1-0"]
[WhiteElo "1953"]
[BlackElo "1016"]
[PlyCount "67"]
[EventDate "2021.07.10"]
[EventType "swiss"]
[EventRounds "9"]
[EventCountry "UKR"]
[SourceTitle "EXT 2024"]
[Source "ChessBase"]
[SourceDate "2023.10.10"]
[SourceVersion "1"]
[SourceVersionDate "2023.10.10"]
[SourceQuality "1"]

1. c4 Nf6 2. Nc3 e6 3. g3 Be7 4. Bg2 0-0 5. Nf3 d5 6. d4 b6 7. 0-0 Bb7 8. Ne5 Nbd7 9. Qa4 Nxe5 10. dxe5 Ne4 11. Nxe4 dxe4 12. Rd1 Qe8 13. Qc2 Qc6 14. a3 Rad8 15. Be3 h6 16. b4 a6 17. h4 f6 18. exf6 Bxf6 19. Rac1 Be7 20. c5 b5 21. Kh2 Bf6 22. h5 Rd5 23. Rxd5 Qxd5 24. c6 Qxh5+ 25. Kg1 Bc8 26. Qxe4 Qxe2 27. Bf1 Qh5 28. Rc5 e5 29. Bd3 Rd8 30. Rd5 Bg4 31. Rxd8+ Bxd8 32. Qd5+ Kf8 33. Bc5+ Ke8 34. Qg8# 1-0

[Event "Platja d'Aro op-B 7th"]
[Site "Platja d'Aro"]
[Date "2019.06.26"]
[Round "3"]
[White "Nikitin, Bogdan"]
[Black "Costa Trave, Jaume"]
[Result "1-0"]
[WhiteElo "2034"]
[BlackElo "1900"]
[PlyCount "63"]
[EventDate "2019.06.24"]
[EventType "swiss"]
[EventRounds "9"]
[EventCountry "ESP"]
[SourceTitle "CBM 191 Extra"]
[Source "ChessBase"]
[SourceDate "2019.09.30"]
[SourceVersion "1"]
[SourceVersionDate "2019.09.30"]
[SourceQuality "1"]

1. e4 e6 2. d4 d5 3. Nc3 Bb4 4. Nge2 Nf6 5. e5 Nfd7 6. a3 Ba5 7. f4 a6 8. Be3 Nc6 9. g3 Ne7 10. Bf2 Nf5 11. g4 Nh4 12. Qd3 Bb6 13. Qg3 Ng6 14. f5 Ne7 15. fxe6 fxe6 16. Nf4 Nf8 17. 0-0-0 Neg6 18. h4 Bd7 19. h5 Ne7 20. h6 g6 21. Qf3 Bc6 22. Bh4 Qd7 23. Nh3 Ng8 24. Qe3 Ba5 25. Bd3 Bxc3 26. bxc3 Bb5 27. Rhf1 Bxd3 28. Rxd3 Qa4 29. Qf4 Qxa3+ 30. Kd2 Kd7 31. Qf7+ Ne7 32. Qg7 1-0

[Event "Lvov Winter Cup"]
[Site "Lvov"]
[Date "2016.02.07"]
[Round "6"]
[White "Nikitin, Bogdan"]
[Black "Sanotsky, Yuriy"]
[Result "0-1"]
[WhiteElo "1694"]
[BlackElo "2003"]
[PlyCount "124"]
[EventDate "2016.02.05"]
[EventType "swiss"]
[EventRounds "7"]
[EventCountry "UKR"]
[SourceTitle "EXT 2017"]
[Source "ChessBase"]
[SourceDate "2016.10.25"]
[SourceVersion "1"]
[SourceVersionDate "2016.10.25"]
[SourceQuality "1"]

1. e4 c6 2. d4 d5 3. exd5 cxd5 4. c4 Nf6 5. Nc3 Be6 6. cxd5 Bxd5 7. Nxd5 Qxd5 8. Be2 e6 9. Nf3 Nc6 10. 0-0 Be7 11. Be3 0-0 12. a3 Rac8 13. b4 a6 14. Rc1 Rfd8 15. Bc4 Qd6 16. Qb3 Nd5 17. Rc2 Bf6 18. Rd1 h6 19. Rcd2 Nce7 20. Re2 b5 21. Bxd5 Qxd5 22. Qb1 Rc3 23. Qb2 Rdc8 24. Rc1 Rxc1+ 25. Bxc1 Bxd4 26. Nxd4 Qxd4 27. Rd2 Qc4 28. Rd1 Nd5 29. Bd2 Qc2 30. Rb1 Rc4 31. Qxc2 Rxc2 32. Be1 Kf8 33. Kf1 Ke7 34. Rd1 Nb6 35. Ra1 e5 36. f3 Nd5 37. Bf2 Nc3 38. Be1 Ke6 39. Bxc3 Rxc3 40. a4 Rb3 41. axb5 axb5 42. Ra6+ Kf5 43. Ra7 Kg6 44. Ra6+ f6 45. Rb6 Rxb4 46. g4 h5 47. h3 hxg4 48. hxg4 Rb2 49. Ke1 Kg5 50. Rb7 g6 51. Re7 b4 52. Rb7 f5 53. gxf5 gxf5 54. Kd1 Kf4 55. Kc1 Re2 56. Rxb4+ Kxf3 57. Kd1 e4 58. Rb5 f4 59. Rf5 Ra2 60. Rc5 e3 61. Rc1 Rd2+ 62. Ke1 Rh2 0-1